Ponto de Impacto / (Record no. 76)

MARC details
000 -LÍDER
campo de controle de tamanho fixo 02395nam a2200337 4500
001 - NÚMERO DE CONTROLE
campo de controle 76
003 - IDENTIFICADOR DO NÚMERO DE CONTROLE
campo de controle OSt
005 - DATA E HORÁRIO DA ÚLTIMA TRANSAÇÃO
campo de controle 20250528074011.0
008 - CAMPO DE DADOS FIXOS--INFORMAÇÃO GERAL
campo de controle de tamanho fixo 250123b |||||||g |||| 00| 1 eng d
020 ## - ISBN - INTERNATIONAL STANDARD BOOK NUMBER
ISBN - International Standard Book Number 8599296019
040 ## - FONTE DA CATALOGAÇÃO
Idioma da catalogação por
041 ## - CÓDIGO DE IDIOMA
Código do idioma do original e/ou traduções intermediárias do texto eng
Código do idioma do texto/trilha sonora ou título diferente por
082 ## - CDD - CLASSIFICAÇÃO DECIMAL DE DEWEY
Número de Classificação 813
Número do exemplar B877p
100 1# - ENTRADA PRINCIPAL--NOME PESSOAL
Nome pessoal Brown, Dan,
Datas associadas ao nome 1964-
9 (RLIN) 179
240 ## - TÍTULO UNIFORME
Título uniforme Deception Point
245 ## - TÍTULO
Título Ponto de Impacto /
Indicação de responsabilidade, etc. Brown, Dan ; Tradução de Carlos Irineu da Costa
260 ## - PUBLICAÇÃO, DISTRIBUIÇÃO, ETC.
Local de publicação, distribuição, etc. Rio de Janeiro
Nome do editor, distribuidor, etc. Sextante
Data da publicação, distribuição, etc. 2005
300 ## - DESCRIÇÃO FÍSICA
Extensão 440 p.
520 ## - NOTA DE RESUMO, ETC.
Resumo, etc. Quando um novo satélite da NASA encontra um estranho objeto escondido nas profundezas do Ártico, a agência espacial aproveita o impacto da sua descoberta para contornar uma grave crise financeira e de credibilidade.<br/>O peso dessa revelação acarreta sérias implicações para a política espacial norte-americana e, sobretudo, para a iminente eleição presidencial.<br/>Com o objetivo de verificar a autenticidade da descoberta, a Casa Branca envia a analista de inteligência Rachel Sexton para a desolada geleira Milne. Acompanhada por uma equipe de especialistas, incluindo o carismático pesquisador Michael Tolland, Rachel se depara com indícios de uma fraude científica que ameaça abalar o planeta.<br/>Antes que Rachel possa falar com o presidente dos Estados Unidos sobre suas suspeitas, ela e Michel são perseguidos por assassinos profissionais controlados por uma pessoa que é capaz de tudo para encobrir a verdade. Em uma fuga desesperada para salvar suas vidas, a única chance de sobrevivência para Rachel e Michael é desvendar a identidade de quem se esconde por trás de uma conspiração sem precedentes.<br/>Com fascinantes informações sobre a NASA, a comunidade de inteligência e os bastidores da política americana, sem falar na polêmica discussão sobre a possibilidade de vida extraterrestre, Ponto de Impacto revela o amadurecimento de Dan Brown como escritor, reunindo todas as qualidades que o transformariam em um fenômeno mundial com seu livro seguinte: O Código da Vinci.
650 #0 - ASSUNTO--TERMO TÓPICO
Cabeçalho tópico ou nome geográfico Literatura Americana
9 (RLIN) 84
650 #0 - ASSUNTO--TERMO TÓPICO
Cabeçalho tópico ou nome geográfico Suspense
9 (RLIN) 10
650 #0 - ASSUNTO--TERMO TÓPICO
Cabeçalho tópico ou nome geográfico Mistério
9 (RLIN) 42
650 #0 - ASSUNTO--TERMO TÓPICO
Cabeçalho tópico ou nome geográfico Aventura
9 (RLIN) 47
650 #0 - ASSUNTO--TERMO TÓPICO
Cabeçalho tópico ou nome geográfico Crime e Investigação
9 (RLIN) 13
650 #0 - ASSUNTO--TERMO TÓPICO
Cabeçalho tópico ou nome geográfico Ficção Científica
9 (RLIN) 63
650 #0 - ASSUNTO--TERMO TÓPICO
Cabeçalho tópico ou nome geográfico Politica
9 (RLIN) 138
655 #0 - TERMO DE ÍNDICE--GÊNERO E FORMA
Gênero/forma/ou termo foco Romance
655 #0 - TERMO DE ÍNDICE--GÊNERO E FORMA
Gênero/forma/ou termo foco Ficção
700 ## - ENTRADA ADICIONADA - NOME PESSOAL
Nome pessoal Carlos Irineu da Costa
Função do autor por extenso Tradutor
9 (RLIN) 182
942 ## - ELEMENTOS DE ENTRADA ADICIONADOS (KOHA)
Fonte de classificação ou esquema de arquivamento Classificação decimal de Dewey
Ocultar no OPAC Não
Tipo de material Koha Livros
Holdings
Situação do descarte Situação das perdas Fonte de classificação ou esquema de arquivamento Status danificado Não pode ser emprestado Coleção Biblioteca de origem Biblioteca atual Localização na estante Data de aquisição Fonte de aquisição Total de empréstimos Número de chamada completo Código de barras Data de último acesso Número do exemplar Data do preço efetivo Tipo de material Koha
    Classificação decimal de Dewey     Ficção Biblioteca Professor Eduardo Afonso de Castro Biblioteca Professor Eduardo Afonso de Castro Literatura Estrangeira 03.05.2016 doação   813 / B877p 2025-15281 23.01.2025 Ex. 01 23.01.2025 Livros
    Classificação decimal de Dewey     Ficção Biblioteca Professor Eduardo Afonso de Castro Biblioteca Professor Eduardo Afonso de Castro Literatura Estrangeira 15.05.2018 doação   813 / B877p 2025-15996 17.03.2025 Ex. 02 17.03.2025 Livros

Powered by Koha